MDQL
is popping MORE tags! Check the
thread
!
Quizzes
Events
Quiz Creation
Community
Videos
Private Events
Remove Ads
Sign In
Join for FREE
Feedback
Dark Mode
Quiz Categories
Sports
Geography
Music
Movies
Television
Just For Fun
Miscellaneous
History
Literature
Language
Science
Gaming
Entertainment
Religion
Holiday
For Kids
Quiz Lab
Recent
Popular Today
Quiz Kudos Today
Editor Picks
Curator Picks
Quizzes by...
Day
Popularity
Type
Ratings
Length
Year
Community
Subscriptions
Recent Discussions
Orange Saloon
Badges
Playlists
Quests
Create
Leaderboards
Showdown
Live 5
Trivia Bingo
Activity
Puzzle Library
Sporcle Events
Private Events
Virtual Trivia
Globe League
Become a Host
Pub Owners
SporcleCon
Opinionation
Our Games
Videos
Blog
Mobile Apps
Partnerships
Remove Ads and Go Orange
Feedback
Television
TV Characters
TV Show
Sitcom
Network
Friends
Reality Shows
Cast
South Park
Star Trek
The Simpsons
Doctor Who
Television
TV Characters
TV Show
Sitcom
Network
Friends
Reality Shows
Cast
South Park
Star Trek
The Simpsons
Doctor Who
Random Quiz
Search Sporcle
×
Quiz Lab
Quiz Lab
Television
TV Show
Type in answers that appear in a list
Type in answers that appear in a list
Classic
Best Score? Go Orange.
Buffy Characters by Season They First Appear in Stats
Can you name the Buffy Characters by Season They First Appear in?
By
Fancyladybug
12m
65 Questions
595 Plays
595 Plays
595 Plays
Comments
Comments
Give Quiz Kudos
Give Quiz Kudos
-
- Ratings
hide this ad
Replay
Link that replays current quiz
Next Quiz
Link to next quiz in quiz playlist
You Got
0%
They Got
Avg Score
75%
Avg Friend Score
Upgrade to see
Score Distribution
Jump to the score distribution portion of the page
Score
0/65
Timer
12:00
0
Plays Today
Season of First Apperance
Character
% Correct
Season 1
Buffy Summers
99.2%
Season 1
Xander Harris
98.8%
Season 1
Willow Rosenberg
98.7%
Season 1
Rupert Giles
98.3%
Season 1
Cordelia Chase
96.5%
Season 1
Angel
95.1%
Season 1
Joyce Summers
94.8%
Season 1
The Master
94.1%
Season 2
Spike
93.3%
Season 1
Amy Maddison
93.1%
Season 1
Darla
92.9%
Season 2
Drusilla
91.9%
Season 3
Faith Lehane
90.3%
Season 1
Jenny Calendar
89.9%
Season 1
Harmony Kendall
89.4%
Season 2
Daniel 'Oz' Osbourne
88.7%
Season 2
Jonathan Levinson
88.4%
Season 5
Dawn Summers
88.1%
Season 4
Riley Finn
87.9%
Season 3
Anya Jenkins
87.4%
Season 1
Principal Snyder
85.2%
Season 5
Warren Meers
85%
Season 6
Andrew Wells
85%
Season 4
Professor Maggie Walsh
84.5%
Season 4
Tara Maclay
84.2%
Season 3
Mr.Trick
84%
Season 2
Kendra
83.5%
Season 3
Mayor Richard Wilkins III
82.5%
Season 5
Glory
82.5%
Season 3
The First Evil
81.8%
Season 1
Principal Bob Flutie
80.2%
Season 4
Adam
79.8%
Season 2
Ethan Rayne
78.7%
Season of First Apperance
Character
% Correct
Season 4
Forrest Gates
77.3%
Season 7
Kennedy
76.8%
Season 7
Caleb
75.8%
Season 7
Robin Wood
75.3%
Season 4
Graham Miller
74.5%
Season 3
Wesley Wyndham-Pryce
73.9%
Season 5
Ben
73.1%
Season 4
The First Slayer
70.3%
Season 1
Collin / The Anointed One
68.1%
Season 1
Hank Summers
67.1%
Season 7
Amanda
66.7%
Season 3
Quentin Travers
65.9%
Season 4
Kathy Newman
65.7%
Season 7
Vi
65.5%
Season 7
Rona
64.2%
Season 7
Molly
61.7%
Season 4
Parker Abrams
61.5%
Season 7
Cassie Newton
61.3%
Season 2
Larry Blaisdell
60.5%
Season 3
Scott Hope
59.8%
Season 5
Buffybot
57.8%
Season 2
Anne Steele/Chanterelle/Lily
56.6%
Season 6
Rack
55.1%
Season 7
Chloe
53.4%
Season 6
Clem
53.3%
Season 3
Deputy Mayor Allan Finch
51.6%
Season 3
Percy West
50.3%
Season 7
Chao-Ahn
48.1%
Season 3
D'Hoffryn
48.1%
Season 6
Halfrek
47.1%
Season 5
Nikki Wood
43.5%
Season 5
Doc
13.3%
Quiz Playlist
Details
Report
Send in Message
Add To Playlist
Classic:
Type in answers that appear in a list
Last Updated: Sep 13, 2023
Quiz Scoreboard
CHALLENGE
Sign Up to Join the Scoreboard
Show All
Scores
Hide
Comments
May contain spoilers
Recently Published
Find the 'City' Movie
by crazypaving
Movies
60s
5x2 Blitz: Bands
by SL_Kpop136
Music
30s
Colored Red Africa Blitz
by spor1
Geography
30s
More to Explore
Quiz From the Vault
Featured Blog Post
14 Easter Pick-up Lines to Find Eggs With
hide this ad
You Might Also Like...
Tags
TV Characters Quiz
TV Show Quiz
Buffy the Vampire Slayer
Character
episode
Fantasy
Fantasy Series
Fictional Characters
Joss Whedon
Supporting Characters
TV Episodes
Whedonverse
Today's Top Quizzes in Television
Browse Television
hide this ad
Today's Top Quizzes in TV Show
Browse TV Show
Top Contributed Quizzes in Television
1
Survivor Journey Challenge
2
Survivor Logic Puzzle: Heroes vs. Villains
3
One Tree Hill Logic Puzzle
4
Phoebe Buffay Quotes
5
Game of Thrones: Tywin Lannister Start to Finish
6
Brooklyn Nine Nine Logic Puzzle (How-To-Play)
7
A Series of Unfortunate Events: Netflix Character Chain
8
All US Survivor Seasons in Order
9
Survivor: Criteria Castaways
10
A Series of Unfortunate Events: S3 Character Chain
Explore More
Trending Topics
Harry Potter
Anime
Kpop
Disney
NBA
Marvel
Crossword
WWE
NFL
Puzzle
Country
Pokémon
Soccer
Song
The Office
hide this ad
Score Distribution
Quiz Creator Spotlight
Fancyladybug
Follow
Send a Message
Quizzes Created
-
Created Quiz Play Count
-
Popular Quizzes Today
1
5x2 Blitz: Bands
2
Find the 'City' Movie
3
Colored Red Africa Blitz
4
Find the US States - No Outlines Minefield
5
The Countries of the World
6
Find the US States
7
9x9 Crossword: Cartoon Network
8
US States
More Television Quizzes
Matthew Perry on TV
Editor's Pick
Trending Quizzes
Colored Red Africa Blitz II
Colored Red Europe Blitz I
Christmas Pick: Judaism
Colored Red Africa Blitz III
Colored Red Europe Blitz II
Recently Updated
Champions League XIs: Real Madrid
pecheneg
Largest US Cities 1790-2010
pecheneg
Rides in Walt Disney World
pecheneg
Most Oscar Losses (Acting)
pecheneg
Beyoncé Albums
pecheneg
Leaping Animals
pecheneg
Reality TV Shows (A-Z)
bhenderson79
Rickey Henderson's Hall of Fame Teammates
pecheneg
Champions League XIs: Arsenal
pecheneg
Quick Pick: Celebrities in WWE's Hall of Fame
aduchscher
Trending Topics
Kpop
Crossword
NBA
Harry Potter
Disney
Marvel
Anime
Pokémon
Soccer
Puzzle
Song
WWE
Country
NFL
The Office
Your Account Isn't Verified!
In order to create a playlist on Sporcle, you need to verify the email address you used during registration. Go to your
Sporcle Settings
to finish the process.
Report this User
Report this user for behavior that violates our
Community Guidelines
.
Details:
Send Report
Go to the Sporcle.com Mobile Site →
Comments